Otázky k verejnému obstarávaniu (2.) v školách a školských zariadeniach

Odpovede na otázky k verejnému obstarávaniu v školách a školských zariadeniach. Druhá časť príspevku je zameraná na obstarávanie potravín v zariadeniach školského stravovania, vysvetľuje pravidlá a postupy, ktoré musia školy dodržiavať podľa novely zákona o verejnom obstarávaní. Zahŕňa aj nové postu...

Ausführliche Beschreibung

Gespeichert in:
Bibliographische Detailangaben
1. Verfasser: Konečná Veverková, Ingrid
Format: Buchkapitel
Sprache:Slowakisch
Schlagworte:
Tags: Tag hinzufügen
Keine Tags, Fügen Sie das erste Tag hinzu!

MARC

LEADER 00000naa a2200000 4500
001 0308277
005 20250424153043.6
041 0 |a slo 
044 |a SK 
245 1 0 |a Otázky k verejnému obstarávaniu (2.)  |b v školách a školských zariadeniach  |c Ingrid Konečná Veverková 
520 |a Odpovede na otázky k verejnému obstarávaniu v školách a školských zariadeniach. Druhá časť príspevku je zameraná na obstarávanie potravín v zariadeniach školského stravovania, vysvetľuje pravidlá a postupy, ktoré musia školy dodržiavať podľa novely zákona o verejnom obstarávaní. Zahŕňa aj nové postupy, ktoré boli zavedené v rámci verejného obstarávania potravín pre školské zariadenia. 
610 2 0 |a legislatíva 
610 2 0 |a obstarávanie verejné 
610 2 0 |a školstvo 
610 2 0 |a úpravy právne 
610 2 0 |a zariadenia školské 
610 2 0 |a zákazky 
610 2 0 |a potraviny 
100 1 |a Konečná Veverková, Ingrid